000 00663cam a2200241 4500500
005 20260405003521.0
041 _afre
042 _adc
100 1 0 _aNathan, Tobie
_eauthor
245 0 0 _aJeûne. Délices d’initiés
260 _c2022.
500 _a47
690 _aAscèse
690 _ajeûne
690 _aMysticisme
690 _aNourriture
690 _aRégime
690 _aSanté
690 _aSpiritualité
690 _aTobie Nathan
786 0 _nPhilosophie magazine | 160 | 6 | 2022-06-01 | p. 14-14 | 1951-1787
856 4 1 _uhttps://shs.cairn.info/magazine-philosophie-magazine-2022-6-page-14?lang=fr&redirect-ssocas=7080
999 _c2068288
_d2068288